[Event "AUTO-OPEN-574"]
[Site "http://www.queenalice.com/game.php?id=175046"]
[Date "2007.2.28"]
[Round "1"]
[White "betofalbo"]
[Black "damasceno"]
[Result "1-0"]
[WhiteElo "1441"]
[BlackElo "1425"]

1. e4 e6 2. d4 g6 3. Nf3 Bg7 4. e5 Ne7 5. Nc3 O-O 6. d5 exd5 7. Nxd5 Nxd5 8.
Qxd5 Re8 9. Bf4 c6 10. Qc5 Na6 11. Qc3 d6 12. O-O-O d5 13. Bxa6 bxa6 14. Rhe1
Bb7 15. Re2 a5 16. Rde1 Rb8 17. Qc5 a6 18. Kb1 h6 19. b3 Qd7 20. Nd4 g5 21. Bg3
Qc7 22. e6 Qc8 23. exf7+ 1-0

[Event "AUTO-OPEN-574"]
[Site "http://www.queenalice.com/game.php?id=175059"]
[Date "2007.2.28"]
[Round "1"]
[White "MadScot"]
[Black "betofalbo"]
[Result "1-0"]
[WhiteElo "1787"]
[BlackElo "1486"]

1. Nf3 Nf6 2. c4 g6 3. b3 Bg7 4. Bb2 O-O 5. g3 d6 6. Bg2 e5 7. O-O Nc6 8. a3 e4
9. Nd4 Nxd4 10. Bxd4 Re8 11. Nc3 b6 12. Ra2 Bb7 13. d3 d5 14. Qa1 exd3 15. exd3
c5 16. Bxf6 Bxf6 17. Re1 Rxe1+ 18. Qxe1 Rb8 19. Nxd5 Bd4 20. Re2 Bxd5 21. Bxd5
Rc8 22. Re7 a6 23. Bxf7+ Kh8 24. Re8+ 1-0

[Event "AUTO-OPEN-574"]
[Site "http://www.queenalice.com/game.php?id=175060"]
[Date "2007.2.28"]
[Round "1"]
[White "betofalbo"]
[Black "MadScot"]
[Result "0-1"]
[WhiteElo "1478"]
[BlackElo "1809"]

1. e4 c6 2. d4 d5 3. Nc3 dxe4 4. Nxe4 Bf5 5. Ng3 Bg6 6. h4 h6 7. Nf3 Nd7 8. h5
Bh7 9. Bd3 Bxd3 10. Qxd3 Ngf6 11. Ne4 e6 12. Nxf6+ Nxf6 13. Rh4 Nd5 14. Bd2 Be7
15. Rg4 Bf6 16. O-O-O Qb6 17. Kb1 O-O-O 18. Ne5 Bxe5 19. dxe5 Nf6 20. Rb4 Rxd3
21. Rxb6 Rxd2 22. Rxd2 axb6 23. exf6 gxf6 24. Rd3 Rg8 25. Rf3 f5 26. Rg3 Rxg3
27. fxg3 Kd7 28. Kc1 Kd6 29. Kd2 Kd5 30. b3 b5 31. Kd3 e5 32. c4+ bxc4+ 33.
bxc4+ Kc5 34. a3 e4+ 35. Kc3 b5 36. cxb5 cxb5 37. Kd2 Kc4 38. Ke3 Kb3 0-1

[Event "Primeira"]
[Site "http://www.queenalice.com/game.php?id=181090"]
[Date "2007.3.13"]
[Round "-"]
[White "rew"]
[Black "betofalbo"]
[Result "0-1"]
[WhiteElo "1073"]
[BlackElo "1489"]

1. e4 e5 2. Qh5 Nc6 3. Nf3 Nf6 4. Qh3 d6 5. Qg3 h5 6. Ng5 Nd4 7. Qd3 Bd7 8. Kd1
Bb5 9. Qc3 Bxf1 10. Rxf1 Ng4 11. h3 Qxg5 12. Qb4 b6 13. c3 c5 14. Qa3 Ne6 15.
hxg4 Qxg4+ 16. Ke1 Qxe4+ 17. Kd1 Qxg2 18. Ke1 Nf4 19. d3 Nxd3+ 20. Ke2 Nxc1+ 21.
Kd2 Qxf1 22. Qa4+ b5 23. Qd1 Qxd1+ 24. Kxd1 Nd3 0-1

[Event "Challenge"]
[Site "http://www.queenalice.com/game.php?id=182220"]
[Date "2007.3.15"]
[Round "-"]
[White "betofalbo"]
[Black "malecar"]
[Result "1/2-1/2"]
[WhiteElo "1490"]
[BlackElo "1458"]

1. e4 e5 2. Nf3 Nc6 3. Bb5 Nf6 4. O-O Bc5 5. Bxc6 bxc6 6. d3 O-O 7. Bg5 d5 8.
Nc3 Bg4 9. h3 Bh5 10. g4 Bg6 11. exd5 cxd5 12. Nxe5 Qd6 13. Nxg6 fxg6 14. d4
1/2-1/2

[Event "Let's Play Chess!"]
[Site "http://www.queenalice.com/game.php?id=194372"]
[Date "2007.4.10"]
[Round "-"]
[White "aleuhirov"]
[Black "betofalbo"]
[Result "1-0"]
[WhiteElo "1864"]
[BlackElo "1487"]

1. e4 e5 2. d4 exd4 3. c3 dxc3 4. Bc4 cxb2 5. Bxb2 Bb4+ 6. Nd2 Qg5 7. Nf3 Bxd2+
8. Nxd2 Qxg2 9. Qh5 Nf6 10. Qxf7+ Kd8 11. Bxf6+ gxf6 12. Qxf6+ Ke8 13. Bf7+ Kf8
14. Bg6+ 1-0

[Event "AUTO-OPEN-636"]
[Site "http://www.queenalice.com/game.php?id=201761"]
[Date "2007.4.24"]
[Round "1"]
[White "R_Mutt"]
[Black "betofalbo"]
[Result "1-0"]
[WhiteElo "2110"]
[BlackElo "1498"]

1. e4 e5 2. f4 exf4 3. Nf3 g5 4. Nc3 Bg7 5. h4 g4 6. Ng5 Bf6 7. Bc4 Bxg5 8. hxg5
Qxg5 9. Nd5 Qe5 10. d3 f3 11. Bf4 fxg2 12. Rg1 Qd4 13. Rxg2 Kf8 14. Qxg4 Qxb2
15. e5 Qxa1+ 16. Ke2 Nc6 17. Qg7+ Ke8 18. Qxg8+ 1-0

[Event "AUTO-OPEN-636"]
[Site "http://www.queenalice.com/game.php?id=201762"]
[Date "2007.4.24"]
[Round "1"]
[White "betofalbo"]
[Black "R_Mutt"]
[Result "0-1"]
[WhiteElo "1498"]
[BlackElo "2151"]

1. e4 e5 2. Nf3 f5 3. d3 Nc6 4. Bg5 Be7 5. Bxe7 Qxe7 6. Nc3 Nf6 7. Be2 O-O 8.
O-O fxe4 9. dxe4 Nd8 10. Bc4+ Kh8 11. Nd5 Qc5 12. Bb3 Ne6 13. Nxe5 d6 14. Nxf6
Rxf6 15. Nd3 Qg5 16. Bxe6 Bxe6 17. f4 Qh6 18. f5 Bf7 19. Rf3 Bh5 20. Rh3 Bxd1
21. Rxh6 Rxh6 22. Rxd1 Re8 23. Re1 Rh4 24. e5 dxe5 25. Nxe5 Kg8 26. Rf1 Rxe5 0-1

[Event "AUTO-OPEN-636"]
[Site "http://www.queenalice.com/game.php?id=201789"]
[Date "2007.4.24"]
[Round "1"]
[White "Ninha_alone"]
[Black "betofalbo"]
[Result "0-1"]
[WhiteElo "1261"]
[BlackElo "1498"]

1. Nc3 Nf6 2. Nf3 g6 3. h4 Bg7 4. d4 O-O 5. e4 d6 6. Nd5 Nxd5 7. g4 Nb6 8. c3
Bxg4 9. Be2 Nc6 10. Nh2 Bxe2 11. Qxe2 f5 12. d5 Ne5 13. Nf3 Nxf3+ 14. Qxf3 fxe4
15. Qe3 Nxd5 16. Qe2 Nxc3 17. Qc4+ d5 18. Qb3 Bd4 19. Bd2 Bxf2+ 20. Kf1 Bxh4+
21. Kg2 Rf2+ 22. Kh3 Bf6 23. Raf1 Qd7+ 24. Kg3 Rxf1 25. Rxf1 Nb5 26. a4 Nd4 27.
Qxb7 Rf8 28. Qxa7 Be5+ 29. Kh4 Nf3+ 30. Rxf3 Rxf3 0-1

[Event "AUTO-OPEN-636"]
[Site "http://www.queenalice.com/game.php?id=201790"]
[Date "2007.4.24"]
[Round "1"]
[White "betofalbo"]
[Black "Ninha_alone"]
[Result "1-0"]
[WhiteElo "1507"]
[BlackElo "1261"]

1. e4 e5 2. Nf3 Bd6 3. d4 f6 4. d5 c6 5. c4 cxd5 6. cxd5 Qa5+ 7. Qd2 Qc7 8. Be2
Na6 9. Bxa6 bxa6 10. O-O Bc5 11. Rd1 a5 12. Nc3 g5 13. Qd3 Qb6 14. Be3 d6 15.
Bxc5 dxc5 16. d6 Bd7 17. Nd5 Qb5 18. Nc7+ Kd8 19. Nxb5 a6 20. Nc3 a4 21. Rac1
Rb8 22. Qxa6 Rc8 23. Qb6+ Ke8 24. Nd5 Nh6 25. Nxf6+ Kf7 26. Nxd7 c4 27. Nfxe5+
Ke6 28. Nxc4 Rhd8 29. Nc5+ Kf7 30. d7 1-0

[Event "AUTO-OPEN-704"]
[Site "http://www.queenalice.com/game.php?id=227439"]
[Date "2007.6.19"]
[Round "1"]
[White "betofalbo"]
[Black "Wenderson"]
[Result "1-0"]
[WhiteElo "1521"]
[BlackElo "1384"]

1. e4 e6 2. d4 d5 3. e5 Nc6 4. f4 g6 5. Nf3 Bg7 6. Bb5 Ne7 7. Nc3 O-O 8. Bxc6
bxc6 9. O-O Nf5 10. g4 Nh6 11. g5 Nf5 12. Ne2 Ba6 13. Ng3 Bxf1 14. Kxf1 Rb8 15.
Nxf5 exf5 16. Qe1 Re8 17. b3 f6 18. Bb2 fxe5 19. dxe5 c5 20. Qa5 c6 21. Qxc5 Qc7
22. Rd1 Rb5 23. Qf2 h6 24. h4 hxg5 25. hxg5 Qb7 26. a4 Rb4 27. Bc3 Rxf4 28. Bd4
Kf7 29. e6+ Rxe6 30. Bxg7 Kxg7 31. Qg3 Qa6+ 32. Rd3 c5 33. Qxf4 c4 34. Qc7+ Kf8
35. Rxd5 cxb3+ 36. Rb5 Qxa4 37. Rb8+ Re8 38. Qd6+ Kg7 39. Rb7+ Kh8 40. Qf6+ Kg8
41. Qg7# 1-0

[Event "AUTO-OPEN-704"]
[Site "http://www.queenalice.com/game.php?id=227440"]
[Date "2007.6.19"]
[Round "1"]
[White "Wenderson"]
[Black "betofalbo"]
[Result "0-1"]
[WhiteElo "1405"]
[BlackElo "1508"]

1. d4 Nf6 2. c4 g6 3. Nf3 Bg7 4. e3 d6 5. Bd3 O-O 6. O-O Bg4 7. Nbd2 Bxf3 8.
Nxf3 Nc6 9. Bd2 e5 10. Re1 exd4 11. exd4 Re8 12. Rxe8+ Qxe8 13. Qc1 Ne4 14. Bh6
Nxd4 15. Nxd4 Bxd4 16. Be3 Bxe3 17. Qxe3 Nc5 18. Qxe8+ Rxe8 19. Bc2 Re2 20. Rc1
Ne4 21. f3 Nc5 22. b4 Nd7 23. a4 c5 24. Kf1 Re6 25. Re1 Rxe1+ 26. Kxe1 cxb4 27.
Kd1 a6 28. Kc1 b6 29. Kb2 a5 30. Kb3 Nc5+ 31. Kb2 Kg7 32. g4 Kf6 33. f4 Ke6 34.
f5+ Kf6 35. h4 h6 0-1

[Event "AUTO-OPEN-704"]
[Site "http://www.queenalice.com/game.php?id=227441"]
[Date "2007.6.19"]
[Round "1"]
[White "betofalbo"]
[Black "MadScot"]
[Result "0-1"]
[WhiteElo "1520"]
[BlackElo "1857"]

1. e4 c6 2. d4 d5 3. e5 Na6 4. Bxa6 Qa5+ 5. Nc3 Qxa6 6. Qe2 Qxe2+ 7. Ncxe2 Bf5
8. c3 e6 9. Nf3 Bd3 10. Nf4 Be4 11. O-O Be7 12. Nd2 Bg6 13. Nxg6 fxg6 14. Nf3
O-O-O 15. Ng5 Bxg5 16. Bxg5 Rf8 17. f4 Kd7 18. b3 Ne7 19. Bxe7 Kxe7 20. c4 h6
21. cxd5 cxd5 22. Rac1 Rc8 23. g4 Rxc1 24. Rxc1 Kd7 25. h4 Rc8 26. Rxc8 Kxc8 27.
g5 h5 28. Kf2 Kc7 29. Ke3 Kc6 30. a4 b5 31. axb5+ Kxb5 32. Kd3 Kb4 33. Kc2 a5
34. Kb2 a4 35. bxa4 Kxa4 36. Kc3 Ka3 37. Kd3 Kb3 38. Kd2 Kc4 39. Ke3 Kc3 40. f5
gxf5 41. g6 Kc4 0-1

[Event "AUTO-OPEN-704"]
[Site "http://www.queenalice.com/game.php?id=227443"]
[Date "2007.6.19"]
[Round "1"]
[White "betofalbo"]
[Black "AASFIGUEIREDO"]
[Result "0-1"]
[WhiteElo "1509"]
[BlackElo "1731"]

1. e4 e5 2. Nf3 Nc6 3. Bb5 a6 4. Bxc6 dxc6 5. d4 exd4 6. Qxd4 Qxd4 7. Nxd4 Bd7
8. O-O O-O-O 9. Be3 g6 10. Nc3 Bg7 11. Rad1 h5 12. Nf3 Nh6 13. Bd4 Bxd4 14. Rxd4
c5 15. Rd2 f6 16. Re1 Bg4 17. Re3 Bxf3 18. Rxd8+ Rxd8 19. gxf3 Rd2 20. Re2 Rxe2
21. Nxe2 g5 22. Ng3 h4 23. Nh5 f5 24. exf5 Nxf5 25. h3 Nd4 26. Kg2 Nxc2 27. a3
Ne1+ 28. Kf1 Nxf3 29. Ke2 Ng1+ 30. Kf1 Nxh3 31. Kg2 Nf4+ 32. Kf3 Nxh5 33. Kg4
Ng7 34. b3 Ne6 35. Kh3 b5 36. Kg4 c4 0-1

[Event "AUTO-OPEN-704"]
[Site "http://www.queenalice.com/game.php?id=227444"]
[Date "2007.6.19"]
[Round "1"]
[White "AASFIGUEIREDO"]
[Black "betofalbo"]
[Result "1-0"]
[WhiteElo "1723"]
[BlackElo "1517"]

1. e4 e5 2. Nf3 Nc6 3. Bb5 a6 4. Bxc6 dxc6 5. O-O Bg4 6. h3 h5 7. d3 Bxf3 8.
Qxf3 Qf6 9. Qxf6 Nxf6 10. Nc3 Be7 11. a3 O-O-O 12. Be3 Kb8 13. Rad1 Rhg8 14. d4
exd4 15. Rxd4 Rxd4 16. Bxd4 Rd8 17. Be3 b6 18. f3 Nd7 19. Rd1 Kc8 20. g3 c5 21.
Nd5 Bd6 22. Bf4 Bxf4 23. Nxf4 Ne5 24. Rxd8+ Kxd8 25. Kf2 c6 26. Nxh5 g6 27. Nf4
Nc4 28. Nd3 Kd7 29. h4 Kd6 30. g4 Ne5 31. Kg3 Nxd3 32. cxd3 Ke5 33. h5 Kf6 34.
f4 gxh5 35. g5+ 1-0

[Event "Challenge"]
[Site "http://www.queenalice.com/game.php?id=227659"]
[Date "2007.6.19"]
[Round "-"]
[White "kinabkab_na_puke"]
[Black "betofalbo"]
[Result "1-0"]
[WhiteElo "1623"]
[BlackElo "1533"]

1. e4 e5 2. Nf3 Nc6 3. Bc4 Nd4 4. Nxe5 Qg5 5. Ng4 d6 6. h3 Bxg4 7. hxg4 Qd8 8.
c3 Ne6 9. Qf3 Qf6 10. Qg3 Qf4 11. Qxf4 Nxf4 12. g3 Ng6 13. d3 O-O-O 14. Bxf7 Ne5
15. Bb3 Nxd3+ 16. Ke2 Nxc1+ 17. Rxc1 Nf6 18. Nd2 Nxg4 19. Be6+ Kb8 20. Bxg4 d5
21. Rd1 dxe4 22. Nxe4 Re8 23. f3 h5 24. Bh3 h4 25. Kf2 hxg3+ 26. Kxg3 a6 27. Rd7
Kc8 28. Rad1 Bd6+ 29. Nxd6+ cxd6 30. R1xd6 Re2 31. Re7+ 1-0